Регионална библиотека "Любен Каравелов" - Русе

Как да се влюбиш в мъж, който живее в храст (Запис номер 517132)

MARC детайли
000 -Лидер
Контролно поле с фиксирана дължина 01372nam a2200289 a 4500
003 - Код на организацията, давaща контролен номер
Контролно поле BLK
005 - Дата и час на последна редакция
Контролно поле 20250408173939.0
008 - Елементи от данни с фиксирана дължина
fixed length control field 180829b bul||||| |||| 00| 0 bul d
020 ## - Международен стандартен номер на книга ISBN
Международен стандартен номер на книга ISBN 9786190214014
040 ## - Източник на каталожния запис
Идентификатор на билиотеката - собственик на записа BLK
041 ## - Код за език
Код за езика на текст/звукозапис или на отделно заглавие Български
Код за езика КДБФ Български
080 ## - УДК
Текстов определител УДК Шведска литература
УДК код - определител по УДК 821.113.6
УДК - код + определител 821.113.6-31
100 ## - Редна дума - Автор
Автор Абрахамсон, Еми
R(LIN) 494581
139 ## - Редно поле
Авторски знак Аб - А 12
245 ## - Сведения за заглавието
Заглавие Как да се влюбиш в мъж, който живее в храст
Редно поле (дума) Еми Абрахамсон ; прев. от швед. Стела Джелепова
260 ## - Област на издателските данни
Име на издателя, разпространителя и проч. Колибри
Година на издаване 2024
Място на издаване, разпространение и проч. София
300 ## - Физическа характеристика
Страници 296 с.
Размери/Мащаб 20 см
380 ## - Жанр
Жанр Худож. лит.
490 ## - СЕРИИ (Колекции)
9 (RLIN) 488743
Име на серия Поредица Europa
500 ## - Общи забележки
Забележка Ориг. загл.: Hur man förälskar sig i en man som bor i en buske / Emmy Abrahamson<br/>Бележка за преводача: с. 291<br/>Биогр. данни за авт. отбелязани на гърба на кор.<br/>Поредица Europa - от млади творци за млади читатели: с. 293-295
700 ## - Други автори (авторска отговорност)
9 (RLIN) 442939
Лично име Джелепова, Стела Алексеева
Автороска отговорност (Описва отношението между автора и произведението) прев. от швед.
852 ## - Местоположение
Форматна сигнатура Цб 324435
Фондова буква Хранилище
852 ## - Местоположение
Фондова буква Заемна - подръчен фонд
Систематично-азбучна сигнатура 821-31/А 12 Е
942 ## - АРТИКУЛИ
Вид на библиотечния материал Книги
Скрит в OPAC Не
Koha issues (borrowed), all copies 43
Периодичен библиозапис Да
944 ## - СЪЗДАВАНЕ И РЕДАКЦИЯ на ЗАПИСА
Дата на регистрацията/редакция Нора Радева
Служител, извършил регистрацията/редакцията 30576
Статус, дата на статуса Цветомила Тодорова
944 ## - СЪЗДАВАНЕ И РЕДАКЦИЯ на ЗАПИСА
Създаване/Редакция Редакция
Дата на регистрацията/редакция 2025-01-15
Служител, извършил регистрацията/редакцията М.Я.
999 ## - СИСТЕМНИ КОНТРОЛНИ НОМЕРА
Koha biblionumber 517132
Koha biblioitemnumber 517132
Наличности
Код за отписване Код за изгубен артикул Източник на класификационната схема Код за повреда Коз за рестрикции Код за отдаване Артикулен № Име на библиотеката - собственик Име на библиотеката, в която се намира в момента Статус (Текущо местоположение) Дата на вписване в системата Местоположение - отдел Цена в лева Инвентарен номер Систематично азбучна сигнатура Баркод Цена в евро Служебен тип на артикула
  Не е изгубен Universal Decimal Classification Не е повреден само за читалня ползва се в читалня 949173 Регионална библиотека "Любен Каравелов" Русе Регионална библиотека "Любен Каравелов" Русе Хранилище 2024-09-18 Хранилище 22.00 120000912543 Цб 324435 120000912543 11.25 Книги
  Не е изгубен Universal Decimal Classification Не е повреден   заемане за дома 958485 Регионална библиотека "Любен Каравелов" Русе Регионална библиотека "Любен Каравелов" Русе Заемна - подръчен фонд 2025-01-16 Заемна - подръчен фонд 14.30 120000917035 821-31/А 12 Е 120000917035 7.31 Книги
Vip Innovations Ltd, Rousse, Bulgaria 2025